<?xml version="1.0" encoding="UTF-8"?>
<record
    xmlns:xsi="http://www.w3.org/2001/XMLSchema-instance"
    xsi:schemaLocation="http://www.loc.gov/MARC21/slim http://www.loc.gov/standards/marcxml/schema/MARC21slim.xsd"
    xmlns="http://www.loc.gov/MARC21/slim">

  <leader>00880nam a2200253 a 4500</leader>
  <controlfield tag="001">BRCA_6991</controlfield>
  <controlfield tag="005">20190321142922.0</controlfield>
  <controlfield tag="008">231111s1894----gw-#######---#000-0#ger-#</controlfield>
  <datafield tag="041" ind1=" " ind2=" ">
    <subfield code="a">ger</subfield>
  </datafield>
  <datafield tag="044" ind1=" " ind2=" ">
    <subfield code="a">gw</subfield>
  </datafield>
  <datafield tag="050" ind1=" " ind2="4">
    <subfield code="b">.D38 1890</subfield>
  </datafield>
  <datafield tag="100" ind1="1" ind2=" ">
    <subfield code="a">Daudet, Alphonse</subfield>
    <subfield code="d">1840-1897</subfield>
    <subfield code="9">15254</subfield>
  </datafield>
  <datafield tag="245" ind1="1" ind2="0">
    <subfield code="a">Briefe aus meiner M&#xFC;hle</subfield>
    <subfield code="c">von Alphonse Daudet ; &#xFC;bersetzt von Prof. Dr. H. Th. K&#xFC;hne.</subfield>
  </datafield>
  <datafield tag="260" ind1=" " ind2=" ">
    <subfield code="a">Leipzig, Alemania</subfield>
    <subfield code="b">Philipp Reclam</subfield>
    <subfield code="c">[1894]</subfield>
  </datafield>
  <datafield tag="300" ind1=" " ind2=" ">
    <subfield code="a">182 p.</subfield>
    <subfield code="c">16 cm.</subfield>
  </datafield>
  <datafield tag="440" ind1=" " ind2="0">
    <subfield code="a">Reclams universal Bibliothek</subfield>
    <subfield code="v">3227, 3228</subfield>
    <subfield code="9">17399</subfield>
  </datafield>
  <datafield tag="500" ind1=" " ind2=" ">
    <subfield code="a">Con sello de propiedad: Dr. C. Meltzer, Altos B&#xF3;tica Iturbide, Ave. Francisco I. Madero 21, M&#xE9;xico, D. F.</subfield>
  </datafield>
  <datafield tag="500" ind1=" " ind2=" ">
    <subfield code="a">Estado f&#xED;sico: Lomo deteriorado y la cubierta anterior suelta.</subfield>
  </datafield>
  <datafield tag="500" ind1=" " ind2=" ">
    <subfield code="a">O9</subfield>
  </datafield>
  <datafield tag="650" ind1="1" ind2="4">
    <subfield code="a">Literatura Alemana</subfield>
    <subfield code="9">6160</subfield>
  </datafield>
  <datafield tag="700" ind1="1" ind2=" ">
    <subfield code="a">K&#xFC;hne, H. Th.</subfield>
    <subfield code="e">tr.</subfield>
    <subfield code="9">17400</subfield>
  </datafield>
  <datafield tag="902" ind1=" " ind2=" ">
    <subfield code="a">GFM</subfield>
  </datafield>
  <datafield tag="942" ind1=" " ind2=" ">
    <subfield code="2">lcc</subfield>
    <subfield code="c">B</subfield>
  </datafield>
  <datafield tag="999" ind1=" " ind2=" ">
    <subfield code="c">6672</subfield>
    <subfield code="d">6672</subfield>
  </datafield>
  <datafield tag="952" ind1=" " ind2=" ">
    <subfield code="0">0</subfield>
    <subfield code="1">0</subfield>
    <subfield code="4">0</subfield>
    <subfield code="7">0</subfield>
    <subfield code="a">BRCA</subfield>
    <subfield code="b">BRCA</subfield>
    <subfield code="d">2011-11-23</subfield>
    <subfield code="i">O9</subfield>
    <subfield code="l">0</subfield>
    <subfield code="o">.D38 1890 (O9)</subfield>
    <subfield code="p">7438</subfield>
    <subfield code="r">2019-03-22 00:00:00</subfield>
    <subfield code="w">2019-03-22</subfield>
    <subfield code="y">B</subfield>
  </datafield>
</record>
